000 00596nam a22001697a 4500
020 _qHard Cover.
082 _a004
100 _aAhmad, Maria Ashfaq
245 _aRequirement Modeling Tool for Adaptive Requirement Modeling Language /
_cMaria Ashfaq Ahmad.
260 _aIslamabad:
_bSEECS - NUST,
_c2014.
300 _a38 p. :
_bill. ;
_c30cm.
650 _aInformation Technology MS-Thesis.
_916355
700 _aDr. Nauman Ahmad Qureshi
_927066
856 _uhttp://10.250.8.41:8080/xmlui/handle/123456789/31994
942 _2ddc
_cTHE
999 _c533250
_d533250